|
|
|
|
| LEADER |
01125nam a2200289 a 4500 |
| 001 |
3523386 |
| 008 |
101011m20092007njua b 001 0 eng d |
| 010 |
|
|
|a 96008356
|
| 020 |
|
|
|a 9788177584233
|
| 020 |
|
|
|a 013288366X
|
| 040 |
|
|
|a DLC
|c DLC
|d DLC
|d BD-DhAAL
|
| 082 |
0 |
0 |
|a 005.13/3
|2 20
|
| 100 |
1 |
|
|a Kruse, Robert L.
|q (Robert Leroy),
|d 1941-
|
| 245 |
1 |
0 |
|a Data structures and program design in C /
|c Robert L. Kruse, Clovis L. Tondo, Bruce P. Leung.
|
| 246 |
1 |
4 |
|a Data structures & program design in C
|
| 250 |
|
|
|a 2nd ed.
|
| 260 |
|
|
|a Upper Saddle River, N.J. ;
|a New Delhi :
|b Pearson/Prentice Hall,
|c c2007 [impression 2009].
|
| 300 |
|
|
|a xvi, 607 p. :
|b ill. ;
|c 25 cm.
|
| 504 |
|
|
|a Includes bibliographical references and index.
|
| 541 |
1 |
|
|e 00021176
|
| 650 |
|
0 |
|a C (Computer program language)
|
| 700 |
1 |
|
|a Tondo, Clovis L.
|
| 700 |
1 |
|
|a Leung, Bruce P.
|
| 852 |
4 |
|
|a Ayesha Abed Library
|j General Shelf.
|
| 942 |
0 |
0 |
|0 1
|
| 999 |
|
|
|c 9726
|d 9726
|
| 952 |
|
|
|0 0
|1 0
|2 ddc
|4 0
|6 005_133000000000000_KRU_2009
|7 0
|9 12386
|a BRACUL
|b BRACUL
|c GEN
|d 2010-10-11
|l 4
|m 44
|o 005.133 KRU
|p 3010021176
|r 2025-07-09
|s 2025-05-25
|t 1
|w 2010-10-11
|y BK
|